000 00339nam a2200157Ia 4500
100 _aTan/Pang-Ning
942 _cBK
366 _f20
654 _adata mining
245 _aIntroduction to Data mining
260 _bPearson Education
_aMumbai
_c2006
082 _a658.403/TAN
_bTAN
300 _a769
546 _aENGLISH
999 _c29586
_d29586